00431nam a2200097Ia 4500001000400000008004100004082002000045100002000065245021300085260003500298599241024s9999 xx 000 0 und d aRD/331.33/S693c aMyrna Somarriba 0aPrimero Aprendo, proyecto educativo para la niñez trabajado/ La Calidad Educativa La calidad educativa y su efecto en la retención escolar de los niños trabajadores beneficiarios en los proyectos piloto bManagua, Nicaragua/EMCORc2008